Fiškálna a politická únia - nevyhnutná podmienka úspešnosti menovej únie (?)

Teoretické pohľady na fiškálnu a politickú úniu v EÚ. Súčasné turbulentné obdobie v eurozóne vyvolalo diskusiu o harmonizácii fiškálnych politík členských štátov, vytvorení fiškálnej únie a o možnom smerovaní k politickej únii. Vytvorenie menovej únie malo byť sprevádzané výraznou centralizáciou roz...

Description complète

Enregistré dans:
Détails bibliographiques
Auteur principal: Muchová, Eva, 1961-
Format: Chapitre de livre
Langue:slovaque
Sujets:
Tags: Ajouter un tag
Pas de tags, Soyez le premier à ajouter un tag!

MARC

LEADER 00000nla$a2200000$$$4500
001 0144998
005 20240502072613.5
041 0 |a slo 
044 |a SK 
245 1 0 |a Fiškálna a politická únia - nevyhnutná podmienka úspešnosti menovej únie (?)  |c Eva Muchová 
520 |a Teoretické pohľady na fiškálnu a politickú úniu v EÚ. Súčasné turbulentné obdobie v eurozóne vyvolalo diskusiu o harmonizácii fiškálnych politík členských štátov, vytvorení fiškálnej únie a o možnom smerovaní k politickej únii. Vytvorenie menovej únie malo byť sprevádzané výraznou centralizáciou rozpočtov na nadnárodnej úrovni (fiškálny federalizmus). Centralizovaný rozpočet by mal fungovať ako absorbér negatívneho šoku, ktorý automaticky redistribuje prostriedky z krajín do postihnutej krajiny. Sprievodným znakom európskej integrácie je politické vákuum na európskej úrovni. Mnohí renomovaní ekonomóvia upozorňujú, že menová únia bez plnej politickej únie môže mať vážne následky pre vývoj v eurozóne. 
610 2 0 |a únie menové 
610 2 0 |a Európska menová únia 
610 2 0 |a eurozóna 
610 2 0 |a politika menová 
610 2 0 |a politika fiškálna 
610 2 0 |a rozpočty 
610 2 0 |a centralizácia 
610 2 0 |a kríza 
610 2 0 |a Európska únia 
100 1 |a Muchová, Eva, 1961-